Comparative analysis of 3G and 4G technologies and their deployment in pakistan. (Record no. 540721)
[ view plain ]
| 000 -LEADER | |
|---|---|
| fixed length control field | 00409nam a22001217a 4500 |
| 082 ## - DEWEY DECIMAL CLASSIFICATION NUMBER | |
| Classification number | 620.005 |
| 100 ## - MAIN ENTRY--PERSONAL NAME | |
| Personal name | Marriam Waseem. |
| 245 ## - TITLE STATEMENT | |
| Title | Comparative analysis of 3G and 4G technologies and their deployment in pakistan. |
| Statement of responsibility, etc. | Marriam Waseem. |
| 260 ## - PUBLICATION, DISTRIBUTION, ETC. | |
| Place of publication, distribution, etc. | Islamabad: |
| Name of publisher, distributor, etc. | CEME - NUST, |
| Date of publication, distribution, etc. | 2014. |
| 700 ## - ADDED ENTRY--PERSONAL NAME | |
| Personal name | Sup: Dr. Shoab Ahmed Khan |
| 942 ## - ADDED ENTRY ELEMENTS (KOHA) | |
| Source of classification or shelving scheme | |
| Koha item type | Thesis |
| 700 ## - ADDED ENTRY--PERSONAL NAME | |
| -- | 34610 |
| Withdrawn status | Lost status | Source of classification or shelving scheme | Damaged status | Not for loan | Permanent Location | Current Location | Shelving location | Date acquired | Total Checkouts | Full call number | Barcode | Date last seen | Price effective from | Koha item type |
|---|---|---|---|---|---|---|---|---|---|---|---|---|---|---|
| Central Library (CL) | Central Library (CL) | Reference | 11/04/2020 | 620.005 | CL-T-751 | 11/04/2020 | 11/04/2020 | Thesis |
